00214nam a2200085Ia 4500008004100000041000800041082001500049100001900064245004500083240625s9999 xx 000 0 und d aeng a808.20 SIN aSINGH DUSHYANT aREPORT ON THE SALES AND MARKETING OF TEC